000 00289nam a2200109Ia 4500
008 200302s9999 xx 000 0 und d
100 _aS. P. Timoshnko & Other
245 _aTheory of Elasticity 3rd ed.
260 _bMcgraw- hill International Book co.,
260 _c1970
300 _a567 P.,
999 _c1389
_d1389